[Event "Bundesliga 2324"]
[Site "Germany"]
[Date "2024.02.23"]
[Round "9.4"]
[White "Heimann, Andreas"]
[Black "Kryvoruchko, Yuriy"]
[Result "1/2-1/2"]
[WhiteElo "2552"]
[BlackElo "2656"]
[PlyCount "43"]
[EventDate "2023.10.21"]
[EventType "team-tourn"]
[EventRounds "15"]
[EventCountry "GER"]
[SourceTitle "CB09_2024"]
[SourceDate "2024.02.28"]
[SourceVersion "1"]
[SourceVersionDate "2024.02.28"]
[SourceQuality "1"]
[WhiteTeam "Deizisau"]
[BlackTeam "Viernheim"]
[WhiteTeamCountry "GER"]
[BlackTeamCountry "GER"]

1. e4 e5 2. Nf3 Nc6 3. Bb5 a6 4. Ba4 Nf6 5. 0-0 d6 6. Bxc6+ bxc6 7. d4 exd4 8. Nxd4 c5 9. Nc6 Qd7 10. Na5 Qa4 11. Nb3 Be7 12. Nc3 Qd7 13. Na5 0-0 14. b3 Re8 15. Qf3 Qg4 16. Qxg4 Nxg4 17. Nd5 Bd8 18. Nc6 Bb7 19. Nxd8 Raxd8 20. f3 Bxd5 21. exd5 Ne3 22. Bxe3 1/2-1/2

[Event "Bundesliga 2324"]
[Site "Germany"]
[Date "2023.12.02"]
[Round "3.6"]
[White "Mendonca, Leon Luke"]
[Black "Kryvoruchko, Yuriy"]
[Result "1/2-1/2"]
[WhiteElo "2622"]
[BlackElo "2656"]
[PlyCount "64"]
[EventDate "2023.10.21"]
[EventType "team-tourn"]
[EventRounds "15"]
[EventCountry "GER"]
[SourceTitle "CB49_2023"]
[SourceDate "2023.12.06"]
[SourceVersion "1"]
[SourceVersionDate "2023.12.06"]
[SourceQuality "1"]
[WhiteTeam "Hamburger SK"]
[BlackTeam "Viernheim"]
[WhiteTeamCountry "GER"]
[BlackTeamCountry "GER"]

1. e4 e5 2. Nf3 Nc6 3. Bb5 a6 4. Ba4 Nf6 5. 0-0 Bc5 6. c3 b5 7. Bb3 d6 8. d4 Bb6 9. Be3 0-0 10. Nbd2 h6 11. h3 Re8 12. Re1 Rb8 13. a4 Bb7 14. axb5 axb5 15. dxe5 Bxe3 16. Rxe3 Nxe5 17. Nd4 Nc4 18. Bxc4 bxc4 19. Qe2 Qd7 20. Ra7 c5 21. Nf5 d5 22. e5 Qxf5 23. exf6 Rxe3 24. Qxe3 Qxf6 25. Qxc5 Qf4 26. Rxb7 Rxb7 27. Qc8+ Kh7 28. Qxb7 Qxd2 29. Qxf7 Qc1+ 30. Kh2 Qxb2 31. Qf5+ Kh8 32. Qf8+ Kh7 1/2-1/2

[Event "Bundesliga 2324"]
[Site "Germany"]
[Date "2023.10.21"]
[Round "1.3"]
[White "Kryvoruchko, Yuriy"]
[Black "Andersen, Mads"]
[Result "1/2-1/2"]
[WhiteElo "2656"]
[BlackElo "2606"]
[PlyCount "101"]
[EventDate "2023.10.21"]
[EventType "team-tourn"]
[EventRounds "15"]
[EventCountry "GER"]
[SourceTitle "Mega2024 Update 01"]
[Source "Chessbase"]
[SourceDate "2023.11.12"]
[SourceVersion "1"]
[SourceVersionDate "2023.11.12"]
[SourceQuality "1"]
[WhiteTeam "Viernheim"]
[BlackTeam "Solingen"]
[WhiteTeamCountry "GER"]
[BlackTeamCountry "GER"]

1. e4 e5 2. Nf3 Nc6 3. Bb5 a6 4. Ba4 Nf6 5. 0-0 Be7 6. d3 b5 7. Bb3 d6 8. a4 Bd7 9. Be3 0-0 10. axb5 axb5 11. Nc3 Nb4 12. Qd2 c5 13. Bg5 Qb6 14. h3 Qb7 15. Nh2 h6 16. Bh4 Be6 17. Bxe6 fxe6 18. Rxa8 Rxa8 19. Ng4 Nxg4 20. Bxe7 Qxe7 21. hxg4 Qd7 22. Ne2 Nc6 23. g5 hxg5 24. Qxg5 Qe7 25. Qg3 Ra2 26. Rb1 b4 27. Qg4 Qf6 28. g3 Kf7 29. Kg2 Qg6 30. Qf3+ Ke7 31. c3 Ra8 32. Rh1 Qg5 33. Ng1 Qf6 34. Qg4 Ra2 35. Rh7 Kd7 36. Rxg7+ Ne7 37. cxb4 Rxb2 38. Nf3 cxb4 39. Rh7 Rc2 40. Qh5 b3 41. Rh8 Qg6 42. Qh1 Nc6 43. Rh6 Qxh6 44. Qxh6 b2 45. Qh1 Rc1 46. Qh7+ Ne7 47. Nd2 Rd1 48. Qh8 Nc8 49. Qh7+ Ne7 50. Qh8 Nc8 51. Qh7+ 1/2-1/2

[Event "EU-Cup 38th"]
[Site "Durres"]
[Date "2023.10.01"]
[Round "1.2"]
[White "Bates, Richard"]
[Black "Kryvoruchko, Yuriy"]
[Result "0-1"]
[WhiteElo "2324"]
[BlackElo "2656"]
[PlyCount "70"]
[EventDate "2023.10.01"]
[EventType "team-swiss"]
[EventRounds "7"]
[EventCountry "ALB"]
[SourceTitle "EXT 2024"]
[Source "ChessBase"]
[SourceDate "2023.10.10"]
[SourceVersion "1"]
[SourceVersionDate "2023.10.10"]
[SourceQuality "1"]
[WhiteTeam "Blackthorne"]
[BlackTeam "Viernheim"]
[WhiteTeamCountry "ENG"]
[BlackTeamCountry "GER"]

1. d4 Nf6 2. Nf3 e6 3. c4 b6 4. g3 Bb7 5. Bg2 Bb4+ 6. Bd2 c5 7. Bxb4 cxb4 8. 0-0 0-0 9. Qd3 d6 10. Nbd2 Re8 11. Rfd1 Qc7 12. a3 bxa3 13. Qxa3 Nbd7 14. Rac1 a5 15. Nb1 Rac8 16. Nc3 Qxc4 17. Ne5 dxe5 18. Bxb7 Rb8 19. Na2 Qxe2 20. Bf3 Qb5 21. Bc6 Qa6 22. dxe5 Nxe5 23. Bxe8 Rxe8 24. Qe3 Nfg4 25. Qe4 f5 26. Qa4 b5 27. Qf4 h6 28. Rc7 Qb6 29. Rc3 b4 30. Rb3 Qc6 31. Nc1 a4 32. h3 axb3 33. hxg4 Nxg4 34. Qxb4 Qc2 35. Qd4 Nxf2 0-1

[Event "Bundesliga 2223"]
[Site "Germany"]
[Date "2023.04.29"]
[Round "14.4"]
[White "Kryvoruchko, Yuriy"]
[Black "Keymer, Vincent"]
[Result "1/2-1/2"]
[WhiteElo "2658"]
[BlackElo "2700"]
[PlyCount "59"]
[EventDate "2022.10.21"]
[EventType "team-tourn"]
[EventRounds "15"]
[EventCountry "GER"]
[SourceTitle "CBM 213 Extra"]
[Source "ChessBase"]
[SourceDate "2023.05.31"]
[SourceVersion "1"]
[SourceVersionDate "2023.05.31"]
[SourceQuality "1"]
[WhiteTeam "Viernheim"]
[BlackTeam "Baden-Baden"]
[WhiteTeamCountry "GER"]
[BlackTeamCountry "GER"]

1. e4 e5 2. Nf3 Nc6 3. Bb5 a6 4. Ba4 Nf6 5. 0-0 Bc5 6. c3 b5 7. Bb3 d6 8. d4 Bb6 9. Be3 0-0 10. Nbd2 Re8 11. h3 h6 12. Bc2 Rb8 13. Re1 Bb7 14. a3 exd4 15. cxd4 Ne7 16. b4 Ng6 17. Qb1 Qe7 18. d5 Bxe3 19. Rxe3 c6 20. dxc6 Bxc6 21. Qb2 Rbc8 22. Rae1 Bd7 23. e5 Nxe5 24. Nxe5 dxe5 25. Rxe5 Qd6 26. Rxe8+ Bxe8 27. Ne4 Nxe4 28. Bxe4 Bc6 29. Rc1 Qe6 30. Bxc6 1/2-1/2

[Event "Bundesliga 2223"]
[Site "Germany"]
[Date "2023.04.01"]
[Round "12.4"]
[White "Svane, Rasmus"]
[Black "Kryvoruchko, Yuriy"]
[Result "1/2-1/2"]
[WhiteElo "2615"]
[BlackElo "2658"]
[PlyCount "51"]
[EventDate "2022.10.21"]
[EventType "team-tourn"]
[EventRounds "15"]
[EventCountry "GER"]
[SourceTitle "CBM 213 Extra"]
[Source "ChessBase"]
[SourceDate "2023.05.31"]
[SourceVersion "1"]
[SourceVersionDate "2023.05.31"]
[SourceQuality "1"]
[WhiteTeam "Hamburger SK"]
[BlackTeam "Viernheim"]
[WhiteTeamCountry "GER"]
[BlackTeamCountry "GER"]

1. e4 c5 2. Nf3 e6 3. d4 cxd4 4. Nxd4 Nf6 5. Nc3 Nc6 6. Nxc6 bxc6 7. e5 Nd5 8. Ne4 Bb7 9. Be2 c5 10. 0-0 Qc7 11. Nd6+ Bxd6 12. exd6 Qc6 13. f3 e5 14. c4 Nf4 15. Bxf4 exf4 16. Qd2 0-0 17. Bd3 Rae8 18. Qxf4 Re6 19. Rad1 g6 20. Be4 Qa6 21. Bxb7 Qxb7 22. b3 Rfe8 23. h3 Qa6 24. Rf2 Re3 25. Kh2 Qa5 26. Rc2 1/2-1/2

[Event "Bundesliga 2223"]
[Site "Germany"]
[Date "2023.02.25"]
[Round "8.7"]
[White "Schroeder, Jan Christian"]
[Black "Kryvoruchko, Yuriy"]
[Result "1/2-1/2"]
[WhiteElo "2544"]
[BlackElo "2658"]
[PlyCount "53"]
[EventDate "2022.10.21"]
[EventType "team-tourn"]
[EventRounds "15"]
[EventCountry "GER"]
[SourceTitle "CBM 213 Extra"]
[Source "ChessBase"]
[SourceDate "2023.05.31"]
[SourceVersion "1"]
[SourceVersionDate "2023.05.31"]
[SourceQuality "1"]
[WhiteTeam "Berlin SF"]
[BlackTeam "Viernheim"]
[WhiteTeamCountry "GER"]
[BlackTeamCountry "GER"]

1. e4 e5 2. Nf3 Nc6 3. Bb5 Nf6 4. 0-0 Nxe4 5. d4 Nd6 6. Bxc6 dxc6 7. dxe5 Nf5 8. Qxd8+ Kxd8 9. h3 Ke8 10. Nc3 h5 11. Bf4 Be7 12. Rad1 Nh4 13. Nxh4 Bxh4 14. Ne4 Be7 15. Rfe1 Be6 16. Ng5 Bf5 17. e6 Bxg5 18. Bxg5 Bxe6 19. Re5 Kf8 20. Bd8 Rh6 21. Bxc7 Bd5 22. b3 Rc8 23. Ba5 Rg6 24. g3 Kg8 25. Rde1 Re6 26. c4 Rce8 27. Bc3 1/2-1/2

[Event "EU-Cup 37th"]
[Site "Mayrhofen"]
[Date "2022.10.09"]
[Round "7.1"]
[White "Kryvoruchko, Yuriy"]
[Black "Mamedov, Rauf"]
[Result "1/2-1/2"]
[WhiteElo "2658"]
[BlackElo "2646"]
[PlyCount "62"]
[EventDate "2022.10.03"]
[EventType "team-swiss"]
[EventRounds "7"]
[EventCountry "AUT"]
[SourceTitle "CBM 210 Extra"]
[Source "ChessBase"]
[SourceDate "2022.11.30"]
[SourceVersion "1"]
[SourceVersionDate "2022.11.30"]
[SourceQuality "1"]
[WhiteTeam "Viernheim"]
[BlackTeam "Vugar Gashimov"]
[WhiteTeamCountry "GER"]
[BlackTeamCountry "AZE"]

1. e4 c5 2. Nf3 Nc6 3. Bb5 g6 4. 0-0 Bg7 5. c3 Nf6 6. Re1 0-0 7. d4 d5 8. e5 Ne4 9. Be3 cxd4 10. cxd4 Qb6 11. Qe2 Bd7 12. Ba4 Rac8 13. Nc3 Nxc3 14. bxc3 Qd8 15. Rab1 Na5 16. Bxd7 Qxd7 17. Qb5 Qxb5 18. Rxb5 b6 19. Rxd5 Rc7 20. Bf4 e6 21. Rb5 Rfc8 22. d5 exd5 23. Rxd5 Rxc3 24. Rd7 Nc6 25. h4 Re8 26. Red1 Rc5 27. R1d6 Nxe5 28. Nxe5 Bxe5 29. Bxe5 Rexe5 30. Rf6 Rf5 31. Rxf5 Rxf5 1/2-1/2

[Event "ESP-chT CECLUB Honor"]
[Site "Linares"]
[Date "2022.09.21"]
[Round "5.1"]
[White "Kryvoruchko, Yuriy"]
[Black "Shirov, Alexei"]
[Result "1/2-1/2"]
[WhiteElo "2669"]
[BlackElo "2673"]
[PlyCount "80"]
[EventDate "2022.09.17"]
[EventType "team-tourn"]
[EventRounds "7"]
[EventCountry "ESP"]
[SourceTitle "CBM 210 Extra"]
[Source "ChessBase"]
[SourceDate "2022.11.30"]
[SourceVersion "1"]
[SourceVersionDate "2022.11.30"]
[SourceQuality "1"]
[WhiteTeam "Jaime Casas"]
[BlackTeam "Silla 60 Aniversario"]
[WhiteTeamCountry "ESP"]
[BlackTeamCountry "ESP"]

1. e4 e5 2. Nf3 Nc6 3. Bb5 Nf6 4. 0-0 Nxe4 5. Re1 Nd6 6. Nxe5 Be7 7. Bf1 Nxe5 8. Rxe5 0-0 9. d4 Bf6 10. Re1 Nf5 11. d5 Re8 12. Nd2 Rxe1 13. Qxe1 d6 14. Ne4 Bd4 15. c3 Bb6 16. Bf4 Ne7 17. c4 Ng6 18. Be3 Bf5 19. Nc3 Qe7 20. Bxb6 Qxe1 21. Rxe1 axb6 22. g3 Ne5 23. Re3 g5 24. a3 Kg7 25. Nb5 Bd7 26. Nd4 f5 27. f4 gxf4 28. gxf4 Ng6 29. Bd3 Kf6 30. Ne2 c6 31. dxc6 bxc6 32. Kf2 Be6 33. Rh3 Ra7 34. Rh5 c5 35. Rh3 d5 36. cxd5 Bxd5 37. Bxf5 Kxf5 38. Rh5+ Ke6 39. f5+ Kd6 40. fxg6 hxg6 1/2-1/2

[Event "ESP-chT CECLUB Honor"]
[Site "Linares"]
[Date "2022.09.20"]
[Round "4.4"]
[White "Harikrishna, Pentala"]
[Black "Kryvoruchko, Yuriy"]
[Result "1-0"]
[WhiteElo "2716"]
[BlackElo "2669"]
[PlyCount "107"]
[EventDate "2022.09.17"]
[EventType "team-tourn"]
[EventRounds "7"]
[EventCountry "ESP"]
[SourceTitle "CBM 210 Extra"]
[Source "ChessBase"]
[SourceDate "2022.11.30"]
[SourceVersion "1"]
[SourceVersionDate "2022.11.30"]
[SourceQuality "1"]
[WhiteTeam "Solvay"]
[BlackTeam "Jaime Casas"]
[WhiteTeamCountry "ESP"]
[BlackTeamCountry "ESP"]

1. e4 e5 2. Nf3 Nc6 3. Bb5 Nf6 4. 0-0 Nxe4 5. Re1 Nd6 6. Nxe5 Be7 7. Bf1 Nxe5 8. Rxe5 0-0 9. Nc3 Bf6 10. Re1 Re8 11. Nd5 Rxe1 12. Qxe1 b6 13. Nxf6+ Qxf6 14. d3 Bb7 15. Qc3 Qxc3 16. bxc3 c5 17. a4 Bc6 18. a5 f6 19. f3 Kf7 20. d4 cxd4 21. cxd4 b5 22. a6 Nc4 23. Bd3 d5 24. h4 Bd7 25. Bxc4 bxc4 26. Rb1 Bc8 27. Rb5 Bxa6 28. Rxd5 Rb8 29. Ba3 Rb1+ 30. Kh2 Bb5 31. Rc5 a6 32. Rc7+ Kg8 33. h5 Rd1 34. c3 Re1 35. Bb4 Re3 36. Kg1 Re1+ 37. Kf2 Rd1 38. g4 h6 39. Ke3 Re1+ 40. Kf4 Rd1 41. Kf5 Rf1 42. Kf4 Ba4 43. d5 Bd1 44. Rc8+ Kh7 45. d6 Rxf3+ 46. Ke4 Rd3 47. Rxc4 Bc2 48. Rd4 f5+ 49. gxf5 Rxd4+ 50. Kxd4 Bxf5 51. c4 Kg8 52. c5 Bd7 53. Kd5 Kf7 54. c6 1-0

[Event "ESP-chT CECLUB Honor"]
[Site "Linares"]
[Date "2022.09.18"]
[Round "2.3"]
[White "Gines Esteo, Pedro Antonio"]
[Black "Kryvoruchko, Yuriy"]
[Result "0-1"]
[WhiteElo "2505"]
[BlackElo "2669"]
[PlyCount "88"]
[EventDate "2022.09.17"]
[EventType "team-tourn"]
[EventRounds "7"]
[EventCountry "ESP"]
[SourceTitle "CBM 210 Extra"]
[Source "ChessBase"]
[SourceDate "2022.11.30"]
[SourceVersion "1"]
[SourceVersionDate "2022.11.30"]
[SourceQuality "1"]
[WhiteTeam "Barcelona CE"]
[BlackTeam "Jaime Casas"]
[WhiteTeamCountry "ESP"]
[BlackTeamCountry "ESP"]

1. d4 Nf6 2. c4 e6 3. Nc3 d5 4. cxd5 exd5 5. Bg5 c6 6. e3 h6 7. Bh4 Be7 8. Qc2 0-0 9. Bd3 a5 10. Nf3 Nbd7 11. 0-0 Re8 12. Bg3 Bf8 13. h3 b5 14. Rad1 Bb7 15. Ne5 Nxe5 16. dxe5 Nd7 17. f4 Nc5 18. Bh7+ Kh8 19. Ne4 Nxe4 20. Bxe4 Qb6 21. Bd3 Bc5 22. Qe2 Bxe3+ 23. Kh1 d4 24. Qh5 c5 25. Qf5 Qg6 26. Qxg6 fxg6 27. Bxg6 Rec8 28. f5 Bd5 29. f6 Rf8 30. f7 Ra6 31. e6 Rxe6 32. Bh5 g6 33. Bg4 Rb6 34. Bc7 Rc6 35. Be5+ Kh7 36. Bd7 Rb6 37. Be8 Re6 38. Bc7 Bc4 39. Rfe1 a4 40. a3 Kg7 41. Bb8 Bb3 42. Ba7 Bxd1 43. Rxd1 Re5 44. Bb8 Rexe8 0-1

[Event "ESP-chT CECLUB Honor"]
[Site "Linares"]
[Date "2022.09.17"]
[Round "1.3"]
[White "Kryvoruchko, Yuriy"]
[Black "Cheparinov, Ivan"]
[Result "1/2-1/2"]
[WhiteElo "2669"]
[BlackElo "2686"]
[PlyCount "78"]
[EventDate "2022.09.17"]
[EventType "team-tourn"]
[EventRounds "7"]
[EventCountry "ESP"]
[SourceTitle "CBM 210 Extra"]
[Source "ChessBase"]
[SourceDate "2022.11.30"]
[SourceVersion "1"]
[SourceVersionDate "2022.11.30"]
[SourceQuality "1"]
[WhiteTeam "Jaime Casas"]
[BlackTeam "Extremadura Magic"]
[WhiteTeamCountry "ESP"]
[BlackTeamCountry "ESP"]

1. e4 e5 2. Nf3 Nc6 3. Bb5 a6 4. Ba4 Nf6 5. d3 Bc5 6. c3 b5 7. Bb3 d5 8. exd5 Nxd5 9. 0-0 0-0 10. Re1 Bg4 11. h3 Bh5 12. Nbd2 f6 13. Ne4 Ba7 14. Be3 Na5 15. Bxa7 Nxb3 16. axb3 Rxa7 17. Ng3 Bxf3 18. Qxf3 c5 19. Rad1 Rd7 20. d4 cxd4 21. cxd4 Nf4 22. dxe5 Nd3 23. Qc6 fxe5 24. Ne4 Rd4 25. Rf1 Kh8 26. Rd2 Qa8 27. Qxa8 Rxa8 28. Ng5 Nc5 29. Rxd4 exd4 30. b4 Nb3 31. Rd1 Rc8 32. Ne6 Rc4 33. Nc5 Nxc5 34. bxc5 Kg8 35. b3 Rxc5 36. Rxd4 a5 37. Rd7 Rc3 38. Ra7 Rxb3 39. Rxa5 b4 1/2-1/2

[Event "POL-chT Ekstraliga"]
[Site "Bydgoszcz"]
[Date "2022.09.10"]
[Round "8.4"]
[White "Bartel, Mateusz"]
[Black "Kryvoruchko, Yuriy"]
[Result "1/2-1/2"]
[WhiteElo "2617"]
[BlackElo "2669"]
[PlyCount "73"]
[EventDate "2022.09.03"]
[EventType "team-tourn"]
[EventRounds "9"]
[EventCountry "POL"]
[SourceTitle "CBM 210 Extra"]
[Source "ChessBase"]
[SourceDate "2022.11.30"]
[SourceVersion "1"]
[SourceVersionDate "2022.11.30"]
[SourceQuality "1"]
[WhiteTeam "Wroclaw Polonia"]
[BlackTeam "Katowice Wasko"]
[WhiteTeamCountry "POL"]
[BlackTeamCountry "POL"]

1. c4 e6 2. Nf3 d5 3. e3 Nf6 4. b3 Be7 5. Bb2 0-0 6. Nc3 b6 7. g3 Bb7 8. Bg2 Nbd7 9. cxd5 Nxd5 10. 0-0 c5 11. Qe2 Nxc3 12. dxc3 Nf6 13. c4 Qc7 14. Rad1 Rad8 15. Ne5 Bxg2 16. Kxg2 Nd7 17. Nxd7 Rxd7 18. Qg4 Qc6+ 19. e4 f6 20. Rxd7 Qxd7 21. Rd1 Qc6 22. h4 Rd8 23. Rxd8+ Bxd8 24. Qd1 Be7 25. Qd3 Kf7 26. h5 Ke8 27. g4 Qd7 28. Qxd7+ Kxd7 29. g5 e5 30. gxf6 gxf6 31. Kg3 Ke6 32. Kg4 Bd6 33. Bc1 Bc7 34. Bd2 Bd6 35. Bc1 Bc7 36. Bd2 Bd6 37. Bc1 1/2-1/2

[Event "GER-CupT 2122 Round2 (3)"]
[Site "Viernheim"]
[Date "2022.05.21"]
[Round "1.1"]
[White "Kryvoruchko, Yuriy"]
[Black "Krause, Benedict"]
[Result "1-0"]
[WhiteElo "2674"]
[BlackElo "2420"]
[PlyCount "95"]
[EventDate "2022.05.21"]
[EventType "team-k.o."]
[EventRounds "2"]
[EventCountry "GER"]
[SourceTitle "EXT 2023"]
[Source "ChessBase"]
[SourceDate "2022.10.05"]
[SourceVersion "1"]
[SourceVersionDate "2022.10.05"]
[SourceQuality "1"]
[WhiteTeam "Viernheim"]
[BlackTeam "St Pauli"]
[WhiteTeamCountry "GER"]
[BlackTeamCountry "GER"]

1. e4 c6 2. d4 d5 3. e5 Bf5 4. Nf3 e6 5. Be2 c5 6. Be3 Qb6 7. Nc3 Nc6 8. 0-0 Qxb2 9. Qe1 c4 10. Rb1 Qxc2 11. Bd1 Qxb1 12. Nxb1 Bxb1 13. Ba4 Bd3 14. Qa5 Kd7 15. Rd1 Bg6 16. Bc1 b6 17. Qb5 Rc8 18. Nd2 Nge7 19. Nxc4 dxc4 20. d5 exd5 21. Rxd5+ Kc7 22. Bf4 Kb7 23. Rd7+ Rc7 24. e6 Rxd7 25. exd7 Bf5 26. Qxf5 Nxf5 27. Bxc6+ Kxc6 28. d8Q Ne7 29. a4 Ng6 30. Qc7+ Kd5 31. Be3 Bc5 32. Qxf7+ Kd6 33. Qxc4 Rc8 34. Kf1 Rc7 35. Bd2 Re7 36. h4 Ne5 37. Bf4 h6 38. Qe4 Re6 39. g4 g5 40. hxg5 hxg5 41. Bg3 a6 42. Qb7 Re7 43. Qxa6 Kd5 44. Qc8 Nd3 45. Qg8+ Kd4 46. Qxg5 Re1+ 47. Kg2 Re2 48. Qf5 1-0

[Event "Bundesliga 2122"]
[Site "Germany"]
[Date "2022.05.01"]
[Round "6.3"]
[White "Bjerre, Jonas Buhl"]
[Black "Kryvoruchko, Yuriy"]
[Result "1/2-1/2"]
[WhiteElo "2601"]
[BlackElo "2683"]
[PlyCount "52"]
[EventDate "2022.03.05"]
[EventType "team-tourn"]
[EventRounds "15"]
[EventCountry "GER"]
[SourceTitle "EXT 2023"]
[Source "ChessBase"]
[SourceDate "2022.10.05"]
[SourceVersion "1"]
[SourceVersionDate "2022.10.05"]
[SourceQuality "1"]
[WhiteTeam "Kiel Turm"]
[BlackTeam "Viernheim"]
[WhiteTeamCountry "GER"]
[BlackTeamCountry "GER"]

1. e4 e5 2. Nf3 Nc6 3. Bb5 Nf6 4. d3 Bc5 5. c3 0-0 6. 0-0 d6 7. Re1 Ne7 8. d4 Bb6 9. a4 c6 10. Bf1 Ng6 11. Nbd2 Re8 12. h3 h6 13. Qc2 Bc7 14. dxe5 Nxe5 15. Nxe5 Rxe5 16. Nc4 Re6 17. Bf4 d5 18. Bxc7 Qxc7 19. exd5 Nxd5 20. Bd3 Bd7 21. Bh7+ Kf8 22. Bf5 Rxe1+ 23. Rxe1 Re8 24. Rxe8+ Bxe8 25. Qd2 b6 26. Be4 Nf6 1/2-1/2

[Event "Bundesliga 2122"]
[Site "Germany"]
[Date "2022.04.10"]
[Round "4.8"]
[White "Kryvoruchko, Yuriy"]
[Black "Indjic, Aleksandar"]
[Result "1/2-1/2"]
[WhiteElo "2683"]
[BlackElo "2605"]
[PlyCount "78"]
[EventDate "2022.03.05"]
[EventType "team-tourn"]
[EventRounds "15"]
[EventCountry "GER"]
[SourceTitle "EXT 2023"]
[Source "ChessBase"]
[SourceDate "2022.10.05"]
[SourceVersion "1"]
[SourceVersionDate "2022.10.05"]
[SourceQuality "1"]
[WhiteTeam "Viernheim"]
[BlackTeam "Muenchen 36"]
[WhiteTeamCountry "GER"]
[BlackTeamCountry "GER"]

1. e4 c5 2. Nf3 d6 3. d4 cxd4 4. Nxd4 Nf6 5. Nc3 a6 6. f3 e5 7. Nb3 Be6 8. Be3 Be7 9. Qd2 h5 10. Be2 Nbd7 11. Nd5 Bxd5 12. exd5 0-0 13. Na5 Qc8 14. c4 Bd8 15. 0-0 Bb6 16. Bxb6 Nxb6 17. b4 Re8 18. Rac1 Nbd7 19. Qe3 Qc7 20. Rfd1 b6 21. Nc6 Nb8 22. Nxb8 Raxb8 23. c5 bxc5 24. bxc5 e4 25. Qa3 dxc5 26. d6 Qb6 27. Qxc5 exf3 28. Bxf3 Red8 29. a4 Qxc5+ 30. Rxc5 Rb6 31. Bc6 a5 32. d7 Kf8 33. Bb5 Ke7 34. Rc8 Re6 35. h3 Ne4 36. Rc7 Nd6 37. Bc6 Re5 38. Ra7 h4 39. Bb5 Nxb5 1/2-1/2

[Event "EU-ch 22nd"]
[Site "Terme Catez"]
[Date "2022.03.30"]
[Round "4"]
[White "Mchedlishvili, Mikheil"]
[Black "Kryvoruchko, Yuriy"]
[Result "1/2-1/2"]
[WhiteElo "2584"]
[BlackElo "2683"]
[PlyCount "22"]
[EventDate "2022.03.27"]
[EventType "swiss"]
[EventRounds "11"]
[EventCountry "SLO"]
[SourceTitle "CBM 208"]
[Source "ChessBase"]
[SourceDate "2022.06.30"]
[SourceVersion "1"]
[SourceVersionDate "2022.06.30"]
[SourceQuality "1"]

1. d4 Nf6 2. c4 e6 3. Nf3 d5 4. Nc3 c5 5. cxd5 cxd4 6. Qxd4 exd5 7. Bg5 Be7 8. e3 0-0 9. Qa4 Qb6 10. Qb5 Be6 11. Bd3 Nc6 1/2-1/2

[Event "UKR-ch 90th"]
[Site "Kharkov"]
[Date "2021.12.11"]
[Round "4"]
[White "Onischuk, Vladimir"]
[Black "Kryvoruchko, Yuriy"]
[Result "0-1"]
[WhiteElo "2620"]
[BlackElo "2685"]
[PlyCount "66"]
[EventDate "2021.12.08"]
[EventType "tourn"]
[EventRounds "9"]
[EventCountry "UKR"]
[EventCategory "14"]
[SourceTitle "CBM 206"]
[Source "ChessBase"]
[SourceDate "2022.02.28"]
[SourceVersion "1"]
[SourceVersionDate "2022.02.28"]
[SourceQuality "1"]

1. e4 e5 2. Nf3 Nc6 3. Bb5 Nf6 4. d3 Bc5 5. Nbd2 0-0 6. c3 d6 7. 0-0 a6 8. Ba4 Ba7 9. h3 Nh5 10. Re1 f5 11. exf5 Bxf5 12. g4 Bxd3 13. gxh5 d5 14. Bxc6 bxc6 15. Rxe5 Qf6 16. Qe1 Be4 17. Rxe4 dxe4 18. Qxe4 Rae8 19. Qc4+ Kh8 20. Kg2 Qd6 21. Ne4 Qd1 22. Nfg5 Qd5 23. Qxd5 cxd5 24. Nd2 Rxf2+ 25. Kg3 Ree2 26. Ndf3 Kg8 27. Nh4 Rf1 28. Kg4 Rg1+ 29. Kf4 c6 30. Kf5 Ree1 31. Ngf3 Rxc1 32. Rxc1 Rxc1 33. Ne5 d4 0-1